01403nab a22003017a 4500999001500000003000400015005001700019008004100036040000700077100003900084245017000123260007300293300001400366500007500380505016900455505008900624650003500713650003200748650002500780650001800805650002500823650003400848650001500882650003400897650001500931773014200946942001301088 c6356d6356OSt20260131194830.0190603e xxum|||| |||| 00| 0 spa d cPJ 95900aRodríguez Pons, Leandro G.10aUna necesaria relectura del instituto de la suspensión de cobertura a la luz de la evolución tecnológica y los cambios normativos /cLeandro Rodríguez Pons.  cCiudad Autónoma de Buenos Aires :aThomson Reuters La Ley, b2025. ap. 91-103 aCita: TR LALEY AR/DOC/2870/2025 Publicado en: RCCyC 2025 (Diciembre). aSumario: I. Sobre la necesidad de una reinterpretación normativa.— II. Desarrollo.— III. Posibles salidas al conflicto normativo.— IV. Reflexiones finales.  t¿Te interesa el texto completo? Solicitalo al correo: koha@justierradelfuego.gov.ar 091497aCODIGO CIVIL Y COMERCIAL 091467aRESPONSABILIDAD CIVIL 091923aLEY DE SEGUROS 091921aSEGUROS 0aCOBERTURA DEL SEGURO 0aRESPONSABILIDAD DEL ASEGURADO 0aASEGURADOR 0aDERECHOS DEL CONSUMIDOR92608 0aMORA927250 0271393170dCiudad Autónoma de Buenos Aires : Thomson Reuters La Ley, 2015-tRevista Código Civil y Comercial. Nº 6 - Diciembre 2025 2udccANA